00637nam a2200205Ia 4500003000400000005001700004008004100021020001500062040001800077041000800095082002100103100001700124245008900141250001200230260005200242300003000294650003700324650003400361650003600395OSt20240806093017.0210716s1979 xx 000 0 und d a0875580904 cAIMIT LIBRARY aeng a374.22 21bSHAG aSharp, Gene. aGandhi as a political strategist with essay on ethics and politics /cBy Gene Sharp. a1st ed. aU S A :bPorter Sargent Publishers Inc ,c1979. axvii,357P. ;bPBc21.6 cm aGandhi as a political strategist aEssays on ethics and politics aTypes of principled nonviolence